[Event "CYCC U10 w"]
[Site "Sault Ste-Marie CAN"]
[Date "2017.07.09"]
[Round "6"]
[White "Ai, Amy"]
[Black "Jiang, Kate"]
[Result "0-1"]
[WhiteElo "1260"]
[BlackElo "875"]
[WhiteFideId "-1"]
[WhiteFideId "-1"]
[PlyCount "144"]
[GameId "2160767908410258"]
[EventDate "2017.07.06"]
[EventType "swiss"]
[EventRounds "7"]
[EventCountry "CAN"]
[SourceTitle "EXT 2022"]
[Source "ChessBase"]
[SourceDate "2021.10.06"]
[SourceVersion "1"]
[SourceVersionDate "2021.10.06"]
[SourceQuality "1"]

1. e4 e5 2. Nf3 Nc6 3. Bc4 Nf6 4. d3 Bc5 5. Nc3 d6 6. h3 h6 7. Be3 Bb6 8. O-O O-O 9. Re1 Be6 10. Bb3 Re8 11. Qd2 Qd7 12. Rad1 Bxb3 13. axb3 d5 14. exd5 Nxd5 15. Nxd5 Qxd5 16. Bxb6 axb6 17. Ra1 f6 18. Ra3 Qc5 19. Rea1 Rad8 20. Qc3 Qxc3 21. bxc3 e4 22. dxe4 Rxe4 23. Re1 Rxe1+ 24. Nxe1 Re8 25. Kf1 Kf7 26. Ra1 Kg6 27. g4 Kg5 28. Kg2 f5 29. Nf3+ Kf6 30. Re1 Rxe1 31. Nxe1 Kg5 32. Nf3+ Kf4 33. gxf5 Kxf5 34. Kf1 Kf4 35. Ke2 g5 36. Nh2 Ne5 37. c4 c5 38. c3 h5 39. Nf1 Nf3 40. Ng3 Ng1+ 41. Kf1 Nxh3 42. Kg2 Nxf2 43. Kxf2 h4 44. Nh1 g4 45. b4 g3+ 46. Kg2 Kg4 47. b5 h3+ 48. Kg1 Kf3 49. Kf1 g2+ 50. Kg1 gxh1=Q+ 51. Kxh1 Ke3 52. Kh2 Kd3 53. Kxh3 Kxc4 54. Kh4 Kxb5 55. Kg4 Kc4 56. Kf3 Kxc3 57. Ke2 Kc2 58. Ke1 b5 59. Kf2 b4 60. Ke3 b3 61. Ke4 b2 62. Ke5 b1=Q 63. Ke6 Kd2 64. Ke5 Qd3 65. Ke6 c4 66. Kf6 c3 67. Kf7 c2 68. Kf8 c1=Q 69. Ke7 Qe1+ 70. Kf6 Qf3+ 71. Kg5 Qg1+ 72. Kh6 Qh3# 0-1

[Event "CYCC U10 w"]
[Site "Sault Ste-Marie CAN"]
[Date "2017.07.09"]
[Round "6"]
[White "Boucher, Anne-Marie"]
[Black "Vozian, Emilia"]
[Result "0-1"]
[WhiteElo "817"]
[BlackElo "1071"]
[WhiteFideId "-1"]
[WhiteFideId "-1"]
[PlyCount "108"]
[GameId "2160767908410259"]
[EventDate "2017.07.06"]
[EventType "swiss"]
[EventRounds "7"]
[EventCountry "CAN"]
[SourceTitle "EXT 2022"]
[Source "ChessBase"]
[SourceDate "2021.10.06"]
[SourceVersion "1"]
[SourceVersionDate "2021.10.06"]
[SourceQuality "1"]

1. e4 e5 2. Nf3 Nc6 3. Bb5 Nf6 4. Nc3 d6 5. O-O Bd7 6. Bxc6 Bxc6 7. d3 Be7 8. Be3 O-O 9. b4 a6 10. Rb1 b5 11. Bg5 Nh5 12. Qd2 Bxg5 13. Nxg5 Nf4 14. Nf3 Qf6 15. Ne2 Nxe2+ 16. Qxe2 Bd7 17. Qe3 Bg4 18. h3 Bxf3 19. gxf3 Qg6+ 20. Kh1 Rfe8 21. Rg1 Qh5 22. Rg3 Re6 23. Rbg1 Rg6 24. Kh2 Rxg3 25. Rxg3 Rc8 26. Rg5 Qh6 27. f4 exf4 28. Qxf4 Qe6 29. Rg2 g6 30. d4 Qxa2 31. Qh6 Re8 32. Rg4 Qxc2 33. Kg2 Rxe4 34. Rg5 Rxd4 35. Rg3 Qe4+ 36. Rf3 Rxb4 37. Kg3 Qe5+ 38. Kg2 Qd5 39. Kg3 Rb3 40. Re3 Rxe3+ 41. Qxe3 Qe5+ 42. Qf4 Qxf4+ 43. Kxf4 Kf8 44. Ke3 c5 45. f4 b4 46. Kd2 Ke7 47. h4 b3 48. Kc1 c4 49. Kb2 Ke6 50. Kc3 Kd5 51. Kb4 b2 52. Ka5 b1=Q 53. Kxa6 Kc6 54. Ka7 Qb7# 0-1

[Event "CYCC U10 w"]
[Site "Sault Ste-Marie CAN"]
[Date "2017.07.09"]
[Round "6"]
[White "Hua, Michelle"]
[Black "Surya, Dania"]
[Result "1-0"]
[WhiteElo "1461"]
[BlackElo "918"]
[WhiteFideId "-1"]
[WhiteFideId "-1"]
[PlyCount "125"]
[GameId "2160767908410260"]
[EventDate "2017.07.06"]
[EventType "swiss"]
[EventRounds "7"]
[EventCountry "CAN"]
[SourceTitle "EXT 2022"]
[Source "ChessBase"]
[SourceDate "2021.10.06"]
[SourceVersion "1"]
[SourceVersionDate "2021.10.06"]
[SourceQuality "1"]

1. c4 e5 2. Nc3 f5 3. g3 Nf6 4. Bg2 Bc5 5. e3 O-O 6. Nge2 c6 7. d4 exd4 8. exd4 Bb4 9. O-O d6 10. a3 Ba5 11. b4 Bc7 12. Bf4 Be6 13. c5 dxc5 14. dxc5 Qxd1 15. Rfxd1 Bxf4 16. Nxf4 Bf7 17. Nce2 Re8 18. Nd4 Nbd7 19. Nxf5 Rad8 20. Nd6 Re7 21. Nxb7 Rf8 22. Bxc6 Ne5 23. Bg2 Bc4 24. Nd6 Bb3 25. Rdb1 Bc2 26. Rc1 Bg6 27. Re1 Ne8 28. Nxg6 Nxg6 29. Rxe7 Nxe7 30. Nxe8 Rxe8 31. Re1 Kf8 32. Rd1 Nc8 33. Bb7 Ne7 34. c6 h5 35. c7 g6 36. Rd8 Kf7 37. Rxe8 Kxe8 38. c8=Q+ Nxc8 39. Bxc8 Kd8 40. Be6 Ke7 41. Bc4 Kd6 42. f4 Kd7 43. Bf7 Kc6 44. Bxg6 Kb5 45. Bxh5 Ka4 46. Be8+ Kxa3 47. f5 Kxb4 48. f6 a5 49. f7 a4 50. Bxa4 Kxa4 51. f8=Q Kb3 52. Qc5 Kb2 53. Qc4 Kb1 54. Kf2 Kb2 55. Ke2 Kb1 56. Kd2 Kb2 57. Qc3+ Ka2 58. h4 Kb1 59. h5 Ka2 60. h6 Kb1 61. h7 Ka2 62. h8=Q Kb1 63. Qb2# 1-0

[Event "CYCC U10 w"]
[Site "Sault Ste-Marie CAN"]
[Date "2017.07.09"]
[Round "6"]
[White "Knowles, Isabelle"]
[Black "Chi, Sarah"]
[Result "1-0"]
[WhiteElo "1047"]
[BlackElo "691"]
[WhiteFideId "-1"]
[WhiteFideId "-1"]
[PlyCount "115"]
[GameId "2160767908410261"]
[EventDate "2017.07.06"]
[EventType "swiss"]
[EventRounds "7"]
[EventCountry "CAN"]
[SourceTitle "EXT 2022"]
[Source "ChessBase"]
[SourceDate "2021.10.06"]
[SourceVersion "1"]
[SourceVersionDate "2021.10.06"]
[SourceQuality "1"]

1. e4 e5 2. Nf3 Nc6 3. d4 d6 4. dxe5 dxe5 5. Qxd8+ Kxd8 6. Bc4 Be7 7. Bxf7 Nf6 8. Nc3 Rf8 9. Bc4 Nb4 10. Bb3 Bg4 11. Nxe5 Bd6 12. Nxg4 Nxg4 13. f3 Nf6 14. Be3 Ke8 15. Bd4 Rd8 16. Bxa7 b6 17. Nb5 Be5 18. c3 Nc6 19. Rd1 Ra8 20. Bxb6 cxb6 21. Nd6+ Bxd6 22. Rxd6 Ne7 23. Rxb6 Nd7 24. Rb4 Nc5 25. Bc4 Rd8 26. O-O Rf6 27. a4 Nc8 28. a5 Rfd6 29. Be2 Rd2 30. Re1 Nd3 31. Bxd3 R8xd3 32. a6 Rc2 33. Rd4 Rxd4 34. cxd4 Kd7 35. Ra1 Na7 36. d5 Kd6 37. f4 Rxb2 38. Re1 Rb8 39. e5+ Kxd5 40. e6 Re8 41. f5 Kd6 42. Rb1 g6 43. Rb7 Ra8 44. f6 Kxe6 45. f7 Nc6 46. f8=Q Rxf8 47. Rb6 Kd6 48. Rb7 Ne5 49. a7 Nd3 50. Rb8 Rf7 51. a8=Q Rc7 52. Rd8+ Ke5 53. Qb8 Ke4 54. Qxc7 Ke3 55. Qd6 Nc1 56. Qe6+ Kf4 57. g3+ Kf3 58. Rf8# 1-0

[Event "CYCC U10 w"]
[Site "Sault Ste-Marie CAN"]
[Date "2017.07.09"]
[Round "6"]
[White "Ksenych, Alexz"]
[Black "Liao, Jodie"]
[Result "0-1"]
[WhiteElo "931"]
[BlackElo "800"]
[WhiteFideId "-1"]
[WhiteFideId "-1"]
[PlyCount "74"]
[GameId "2160767908410262"]
[EventDate "2017.07.06"]
[EventType "swiss"]
[EventRounds "7"]
[EventCountry "CAN"]
[SourceTitle "EXT 2022"]
[Source "ChessBase"]
[SourceDate "2021.10.06"]
[SourceVersion "1"]
[SourceVersionDate "2021.10.06"]
[SourceQuality "1"]

1. d4 c5 2. d5 Nf6 3. Nc3 d6 4. e4 Bg4 5. Nf3 g6 6. h3 Bd7 7. Be3 Bg7 8. Qd2 O-O 9. Bh6 Re8 10. O-O-O e6 11. g4 exd5 12. Nxd5 Nxe4 13. Bg5 Nxd2 14. Bxd8 Rxd8 15. Rxd2 Nc6 16. Bb5 a6 17. Bxc6 Bxc6 18. Ne7+ Kh8 19. Nxc6 bxc6 20. Rhd1 d5 21. Ng5 Rf8 22. Re1 Bh6 23. h4 f6 24. f4 fxg5 25. fxg5 Bg7 26. Re6 Rab8 27. b3 Bc3 28. Rd3 Rf1+ 29. Rd1 Rbf8 30. Re3 Rxd1+ 31. Kxd1 Rf1+ 32. Ke2 Re1+ 33. Kf3 Rxe3+ 34. Kxe3 d4+ 35. Ke4 Kg7 36. Ke5 d3+ 37. Ke4 dxc2 0-1

[Event "CYCC U10 w"]
[Site "Sault Ste-Marie CAN"]
[Date "2017.07.09"]
[Round "6"]
[White "Tao, Kaitlyn"]
[Black "Siahou, Audrey"]
[Result "1/2-1/2"]
[WhiteElo "778"]
[BlackElo "794"]
[WhiteFideId "-1"]
[WhiteFideId "-1"]
[PlyCount "107"]
[GameId "2160767908410263"]
[EventDate "2017.07.06"]
[EventType "swiss"]
[EventRounds "7"]
[EventCountry "CAN"]
[SourceTitle "EXT 2022"]
[Source "ChessBase"]
[SourceDate "2021.10.06"]
[SourceVersion "1"]
[SourceVersionDate "2021.10.06"]
[SourceQuality "1"]

1. e4 e5 2. Nf3 Nc6 3. Bc4 Bc5 4. c3 Nf6 5. d4 exd4 6. cxd4 Bb6 7. Nc3 d6 8. O-O O-O 9. Bg5 Bg4 10. d5 Ne5 11. Be2 Ned7 12. h3 Bxf3 13. Bxf3 h6 14. Bh4 Re8 15. Qd2 Qe7 16. Rfe1 Qe5 17. Bg3 Qd4 18. Qxd4 Bxd4 19. Rad1 Bb6 20. Re2 Re7 21. Rde1 Rae8 22. b4 a6 23. a4 Kf8 24. Kf1 Bd4 25. Na2 Nh5 26. Bh4 Nhf6 27. g4 g5 28. Bg3 Be5 29. Bxe5 Nxe5 30. Bg2 Ng6 31. a5 Nf4 32. Re3 Nxg2 33. Kxg2 Rxe4 34. Rxe4 Rxe4 35. Rxe4 Nxe4 36. f3 Nd2 37. Kf2 Nc4 38. Ke2 Ne5 39. Nc3 Ke7 40. Ke3 Nc4+ 41. Ke4 Kf6 42. Na4 Nd2+ 43. Ke3 Nf1+ 44. Kf2 Nd2 45. Ke3 Nc4+ 46. Kd4 Ne5 47. Ke4 Kg6 48. Nc3 h5 49. Ne2 hxg4 50. hxg4 c6 51. Nc3 cxd5+ 52. Nxd5 Nc6 53. f4 gxf4 54. Kxf4 1/2-1/2

[Event "CYCC U10 w"]
[Site "Sault Ste-Marie CAN"]
[Date "2017.07.09"]
[Round "6"]
[White "Zhang, Joyce"]
[Black "Pobereshnikova, Faina"]
[Result "0-1"]
[WhiteElo "863"]
[BlackElo "893"]
[WhiteFideId "-1"]
[WhiteFideId "-1"]
[PlyCount "104"]
[GameId "2160767908410265"]
[EventDate "2017.07.06"]
[EventType "swiss"]
[EventRounds "7"]
[EventCountry "CAN"]
[SourceTitle "EXT 2022"]
[Source "ChessBase"]
[SourceDate "2021.10.06"]
[SourceVersion "1"]
[SourceVersionDate "2021.10.06"]
[SourceQuality "1"]

1. e4 e5 2. Nf3 Nc6 3. Bc4 Bc5 4. O-O Nf6 5. Nc3 d6 6. h3 Be6 7. Bb3 O-O 8. d3 h6 9. Bd2 Ne7 10. Be3 Bb6 11. Qe2 Ng6 12. Qd2 Bxe3 13. fxe3 c6 14. d4 exd4 15. exd4 d5 16. exd5 cxd5 17. Ne5 Nxe5 18. dxe5 Ne4 19. Qe3 Nxc3 20. Qxc3 d4 21. Qd3 Rc8 22. Rac1 a6 23. Bxe6 fxe6 24. Rxf8+ Qxf8 25. Qxd4 Rd8 26. Qf2 Qb4 27. b3 Rd2 28. Qe1 Qd4+ 29. Kh1 Qd5 30. Qg1 Qxe5 31. Re1 Qd5 32. Rd1 Rxd1 33. c4 Rxg1+ 34. Kxg1 Qd2 35. a4 Kf7 36. Kh2 Qe3 37. b4 Kf6 38. b5 a5 39. c5 Qxc5 40. b6 e5 41. g4 e4 42. Kg2 Kg5 43. Kf1 Kf4 44. Ke2 Qe3+ 45. Kd1 Kf3 46. Kc2 Qa3 47. h4 e3 48. Kd1 e2+ 49. Kd2 Kf2 50. g5 e1=Q+ 51. Kc2 Qe2+ 52. Kb1 Qab2# 0-1

[Event "CYCC U10 w"]
[Site "Sault Ste-Marie CAN"]
[Date "2017.07.10"]
[Round "7"]
[White "Carrier, Sophie"]
[Black "Deng, Joyce"]
[Result "0-1"]
[WhiteElo "821"]
[BlackElo "1000"]
[WhiteFideId "-1"]
[WhiteFideId "-1"]
[PlyCount "70"]
[GameId "2160767908410267"]
[EventDate "2017.07.06"]
[EventType "swiss"]
[EventRounds "7"]
[EventCountry "CAN"]
[SourceTitle "EXT 2022"]
[Source "ChessBase"]
[SourceDate "2021.10.06"]
[SourceVersion "1"]
[SourceVersionDate "2021.10.06"]
[SourceQuality "1"]

1. e4 e5 2. d3 Bc5 3. Be2 Nf6 4. Bg5 Nc6 5. Bxf6 Qxf6 6. f4 Qxf4 7. g3 Qf2+ 8. Kd2 Bb4+ 9. c3 Bc5 10. d4 exd4 11. cxd4 Qxd4+ 12. Bd3 Bb4+ 13. Kc2 Qf2+ 14. Kc1 Qc5+ 15. Nc3 Bxc3 16. bxc3 Qxc3+ 17. Kb1 O-O 18. Ne2 Qb4+ 19. Kc1 Nd4 20. Ng1 d6 21. a3 Qc5+ 22. Kb1 Qb6+ 23. Kc1 Nb3+ 24. Kb1 Nxa1+ 25. Kxa1 Be6 26. Ne2 Qa5 27. g4 Qxa3+ 28. Kb1 Qa2+ 29. Kc1 Bb3 30. Qf1 Rfe8 31. Qf2 Re5 32. Rf1 Rc5+ 33. Nc3 Rxc3+ 34. Bc2 Rxc2+ 35. Qxc2 Qxc2# 0-1

[Event "CYCC U10 w"]
[Site "Sault Ste-Marie CAN"]
[Date "2017.07.10"]
[Round "7"]
[White "Chi, Sarah"]
[Black "Tao, Kaitlyn"]
[Result "1-0"]
[WhiteElo "691"]
[BlackElo "778"]
[WhiteFideId "-1"]
[WhiteFideId "-1"]
[PlyCount "77"]
[GameId "2160767908410268"]
[EventDate "2017.07.06"]
[EventType "swiss"]
[EventRounds "7"]
[EventCountry "CAN"]
[SourceTitle "EXT 2022"]
[Source "ChessBase"]
[SourceDate "2021.10.06"]
[SourceVersion "1"]
[SourceVersionDate "2021.10.06"]
[SourceQuality "1"]

1. e4 c5 2. Nf3 Nc6 3. Nc3 e5 4. Bc4 Nf6 5. Ng5 Qb6 6. Nxf7 Rg8 7. d3 Be7 8. Nd6+ Bxd6 9. Bxg8 Nxg8 10. Nd5 Qa5+ 11. Bd2 Qb5 12. Qh5+ g6 13. Qxh7 Nce7 14. Bg5 Qc6 15. Bxe7 Nxe7 16. Qh8+ Kf7 17. O-O-O Nxd5 18. exd5 Qa6 19. h4 Qxa2 20. h5 gxh5 21. Rxh5 e4 22. Qh7+ Ke8 23. Qh8+ Kf7 24. Rh7+ Kg6 25. Qg8+ Kf6 26. Rf7+ Ke5 27. d4+ cxd4 28. Qe8+ Kxd5 29. Rf5+ Kc6 30. Qxe4+ Kc7 31. Rxd4 Qa1+ 32. Kd2 Kb8 33. Rxd6 a5 34. Rb5 a4 35. Rxd7 Ra7 36. Qe5+ Ka8 37. Qc7 Bxd7 38. Qd8+ Bc8 39. Qxc8# 1-0

[Event "CYCC U10 w"]
[Site "Sault Ste-Marie CAN"]
[Date "2017.07.10"]
[Round "7"]
[White "Jiang, Kate"]
[Black "Vozian, Emilia"]
[Result "0-1"]
[WhiteElo "875"]
[BlackElo "1071"]
[WhiteFideId "-1"]
[WhiteFideId "-1"]
[PlyCount "134"]
[GameId "2160767908410269"]
[EventDate "2017.07.06"]
[EventType "swiss"]
[EventRounds "7"]
[EventCountry "CAN"]
[SourceTitle "EXT 2022"]
[Source "ChessBase"]
[SourceDate "2021.10.06"]
[SourceVersion "1"]
[SourceVersionDate "2021.10.06"]
[SourceQuality "1"]

1. e4 e5 2. Nf3 Nc6 3. Bb5 d6 4. d4 Bd7 5. Bxc6 Bxc6 6. d5 Bd7 7. Nc3 Nf6 8. h3 h6 9. Be3 c6 10. Qd3 b5 11. dxc6 Bxc6 12. Nd2 b4 13. Ne2 d5 14. exd5 Bxd5 15. Qb5+ Qd7 16. Qxd7+ Nxd7 17. f3 Bd6 18. Ng3 Be6 19. Nde4 Be7 20. O-O-O O-O 21. Rhe1 f5 22. Nf2 f4 23. Bxf4 Rxf4 24. Nd3 Rd4 25. Nxe5 Rxd1+ 26. Kxd1 Nxe5 27. Rxe5 Rd8+ 28. Ke1 Kf7 29. Re4 Bxa2 30. Rf4+ Kg8 31. Nf5 Re8 32. Nxe7+ Rxe7+ 33. Re4 Rxe4+ 34. fxe4 Be6 35. Kd2 Kf7 36. Ke3 Ke7 37. Kd4 Kd6 38. e5+ Kc6 39. h4 a5 40. b3 Bf5 41. Kc4 Bxc2 42. e6 Kd6 43. Kb5 Bxb3 44. Kxa5 Bxe6 45. Kxb4 Ke5 46. Kc5 g5 47. hxg5 hxg5 48. g3 g4 49. Kb4 Ke4 50. Kc3 Kf3 51. Kd2 Kxg3 52. Ke1 Bc4 53. Kd1 Kf2 54. Kd2 g3 55. Kc3 g2 56. Kxc4 g1=Q 57. Kd5 Qe1 58. Kc5 Qd2 59. Kc4 Ke3 60. Kc5 Qd4+ 61. Kb5 Qc3 62. Kb6 Kd4 63. Kb5 Qc4+ 64. Ka5 Qb3 65. Ka6 Kc5 66. Ka7 Kc6 67. Ka8 Qb7# 0-1

[Event "CYCC U10 w"]
[Site "Sault Ste-Marie CAN"]
[Date "2017.07.10"]
[Round "7"]
[White "Liao, Jodie"]
[Black "Ai, Amy"]
[Result "0-1"]
[WhiteElo "800"]
[BlackElo "1260"]
[WhiteFideId "-1"]
[WhiteFideId "-1"]
[PlyCount "142"]
[GameId "2160767908410270"]
[EventDate "2017.07.06"]
[EventType "swiss"]
[EventRounds "7"]
[EventCountry "CAN"]
[SourceTitle "EXT 2022"]
[Source "ChessBase"]
[SourceDate "2021.10.06"]
[SourceVersion "1"]
[SourceVersionDate "2021.10.06"]
[SourceQuality "1"]

1. e4 e5 2. Nf3 Nc6 3. Bc4 Bc5 4. O-O Nf6 5. d3 h6 6. Be3 Bb6 7. Nc3 O-O 8. h3 d6 9. Re1 Be6 10. Bb3 Re8 11. Qd2 Qd7 12. Kh2 Kh7 13. d4 exd4 14. Nxd4 Bxb3 15. Nxb3 Bxe3 16. Qxe3 Rad8 17. Rad1 Qc8 18. Qd3 Kg8 19. Nd5 Nxd5 20. Qxd5 Qe6 21. Qxe6 Rxe6 22. c4 Ree8 23. c5 d5 24. exd5 Rxe1 25. Rxe1 Rxd5 26. Re8+ Kh7 27. Rc8 Rd7 28. Re8 Re7 29. Rxe7 Nxe7 30. Kg3 Kg6 31. Kf4 Nd5+ 32. Ke4 Nb4 33. a3 Nc6 34. f4 Kf6 35. g4 Ke6 36. f5+ Kf6 37. h4 g6 38. fxg6 fxg6 39. Kf4 Ne5 40. Na5 b6 41. cxb6 axb6 42. Nb7 Nd3+ 43. Kg3 Nxb2 44. Nd8 c5 45. Nc6 Nc4 46. a4 Nb2 47. a5 bxa5 48. Nxa5 c4 49. Nxc4 Nxc4 50. Kh3 Ke5 51. Kg3 Nd2 52. Kh3 Kf4 53. h5 g5 54. Kg2 Kxg4 55. Kh2 Kxh5 56. Kg3 Kg6 57. Kg4 h5+ 58. Kh3 g4+ 59. Kh4 Kh6 60. Kg3 Kg5 61. Kg2 h4 62. Kh2 Kf4 63. Kg2 h3+ 64. Kh2 Kf3 65. Kg1 g3 66. Kh1 g2+ 67. Kg1 h2+ 68. Kxh2 Kf2 69. Kh3 g1=Q 70. Kh4 Nf3+ 71. Kh5 Qg5# 0-1

[Event "CYCC U10 w"]
[Site "Sault Ste-Marie CAN"]
[Date "2017.07.10"]
[Round "7"]
[White "Pobereshnikova, Faina"]
[Black "Hua, Michelle"]
[Result "0-1"]
[WhiteElo "893"]
[BlackElo "1461"]
[WhiteFideId "-1"]
[WhiteFideId "-1"]
[PlyCount "120"]
[GameId "2160767908410271"]
[EventDate "2017.07.06"]
[EventType "swiss"]
[EventRounds "7"]
[EventCountry "CAN"]
[SourceTitle "EXT 2022"]
[Source "ChessBase"]
[SourceDate "2021.10.06"]
[SourceVersion "1"]
[SourceVersionDate "2021.10.06"]
[SourceQuality "1"]

1. e4 c5 2. Nf3 d6 3. d4 cxd4 4. Qxd4 Nc6 5. Bb5 Bd7 6. Bxc6 Bxc6 7. Nc3 h6 8. O-O Nf6 9. Re1 g6 10. e5 dxe5 11. Qxd8+ Rxd8 12. Nxe5 Rc8 13. Nxc6 Rxc6 14. Be3 a6 15. Rad1 Bg7 16. Rd2 O-O 17. Rc1 Rfc8 18. h3 Ne8 19. Bd4 Nd6 20. Bxg7 Kxg7 21. f3 Nc4 22. Rd4 Nxb2 23. Nd5 Rxc2 24. Rxc2 Rxc2 25. Nxe7 Rc4 26. Rd7 b6 27. Rd6 Na4 28. Nd5 Rd4 29. Kf2 Nc3 30. Rxb6 Rxd5 31. Rxa6 Rd2+ 32. Kg3 Nxa2 33. f4 Nc3 34. h4 Nd1 35. Ra5 Ne3 36. h5 Nxg2 37. hxg6 Kxg6 38. Ra6+ Kg7 39. Kg4 Rd4 40. Kg3 Nxf4 41. Kg4 Ne6+ 42. Kf5 h5 43. Ke5 h4 44. Rxe6 fxe6 45. Kxd4 h3 46. Ke5 h2 47. Kxe6 h1=Q 48. Ke5 Qh4 49. Kf5 Kf7 50. Ke5 Qg4 51. Kd5 Ke7 52. Ke5 Qg5+ 53. Ke4 Kd6 54. Kd4 Qg4+ 55. Ke3 Kd5 56. Kf2 Qh3 57. Ke2 Kd4 58. Kd2 Qh2+ 59. Kc1 Kc3 60. Kd1 Qd2# 0-1

[Event "CYCC U10 w"]
[Site "Sault Ste-Marie CAN"]
[Date "2017.07.10"]
[Round "7"]
[White "Siahou, Audrey"]
[Black "Zhang, Joyce"]
[Result "0-1"]
[WhiteElo "794"]
[BlackElo "863"]
[WhiteFideId "-1"]
[WhiteFideId "-1"]
[PlyCount "120"]
[GameId "2160767908410272"]
[EventDate "2017.07.06"]
[EventType "swiss"]
[EventRounds "7"]
[EventCountry "CAN"]
[SourceTitle "EXT 2022"]
[Source "ChessBase"]
[SourceDate "2021.10.06"]
[SourceVersion "1"]
[SourceVersionDate "2021.10.06"]
[SourceQuality "1"]

1. e4 c5 2. Nf3 d6 3. d4 cxd4 4. Nxd4 Nf6 5. Nc3 Nc6 6. Nxc6 bxc6 7. Bd3 g6 8. O-O Bg7 9. Re1 e5 10. Bc4 O-O 11. Bb3 Be6 12. Bg5 h6 13. Bxf6 Qxf6 14. Rf1 a5 15. a3 a4 16. Ba2 h5 17. Qxd6 Ra6 18. Qd3 Rfa8 19. Bc4 Bxc4 20. Qxc4 Qe6 21. Qxe6 fxe6 22. Rad1 Rb8 23. Rb1 Bh6 24. Rfd1 c5 25. Ne2 Rab6 26. Nc3 Rxb2 27. Rxb2 Rxb2 28. Nxa4 Rxc2 29. Nb6 Ra2 30. Rc1 Bxc1 31. Nc4 Bxa3 32. Kf1 Bb4 33. Nxe5 g5 34. Nc4 Rc2 35. Ne5 Rc3 36. Ke2 Rb3 37. h3 Ba5 38. g3 Bc7 39. Kd2 h4 40. gxh4 gxh4 41. f3 Bxe5 42. Ke2 Bf4 43. Ke1 Re3+ 44. Kd2 c4 45. Kc2 c3 46. e5 Bxe5 47. f4 Bf6 48. Kc1 Rxh3 49. Kc2 Rh2+ 50. Kd1 c2+ 51. Kc1 e5 52. fxe5 Bg5+ 53. Kb2 c1=Q+ 54. Kb3 Qb2+ 55. Kc4 Qxe5 56. Kd3 Rf2 57. Kc4 Rf4+ 58. Kd3 Rf3+ 59. Kc2 Qe2+ 60. Kb1 Rf1# 0-1

[Event "CYCC U10 w"]
[Site "Sault Ste-Marie CAN"]
[Date "2017.07.10"]
[Round "7"]
[White "Surya, Dania"]
[Black "Knowles, Isabelle"]
[Result "1-0"]
[WhiteElo "918"]
[BlackElo "1047"]
[WhiteFideId "-1"]
[WhiteFideId "-1"]
[PlyCount "135"]
[GameId "2160767908410273"]
[EventDate "2017.07.06"]
[EventType "swiss"]
[EventRounds "7"]
[EventCountry "CAN"]
[SourceTitle "EXT 2022"]
[Source "ChessBase"]
[SourceDate "2021.10.06"]
[SourceVersion "1"]
[SourceVersionDate "2021.10.06"]
[SourceQuality "1"]

1. e4 e5 2. Nf3 Nc6 3. Bc4 Nf6 4. d3 h6 5. c3 Bc5 6. O-O O-O 7. Nbd2 d6 8. h3 Be6 9. Bb5 Bd7 10. Re1 a6 11. Ba4 b5 12. Bb3 Be6 13. Bc2 Qd7 14. Nf1 Nh7 15. a3 f5 16. d4 exd4 17. cxd4 fxe4 18. Bxe4 d5 19. Bxh7+ Kxh7 20. dxc5 d4 21. Re4 Rad8 22. Qd3 Bf5 23. Nh4 Bxe4 24. Qxe4+ Kg8 25. Ng3 Rde8 26. Qc2 d3 27. Qc3 Nd4 28. Be3 Ne2+ 29. Nxe2 dxe2 30. Qc2 Qd8 31. Nf3 Qf6 32. Qxe2 Qc6 33. Rd1 Rf4 34. b4 Qe6 35. Nd4 Qg6 36. Qd3 Qxd3 37. Rxd3 Rf7 38. a4 bxa4 39. Ra3 Ra8 40. Rxa4 Kf8 41. b5 a5 42. Bd2 Re7 43. Rxa5 Rxa5 44. Bxa5 Rd7 45. Ne6+ Kf7 46. Nxc7 Rd1+ 47. Kh2 Ke7 48. b6 Kd7 49. b7 Rb1 50. Bb6 Kc6 51. b8=Q g5 52. Qa8+ Kd7 53. c6+ Kd6 54. Qd8+ Kxc6 55. Qe8+ Kb7 56. Qa8+ Kxb6 57. Qb8+ Kc6 58. Qxb1 Kxc7 59. Qd3 Kc8 60. Qd6 Kb7 61. Qc5 Ka8 62. Qb5 Ka7 63. Kg3 Ka8 64. Kf3 Ka7 65. Ke4 h5 66. Kd5 g4 67. Kc6 gxh3 68. Qb7# 1-0

[Event "CYCC U12"]
[Site "Sault Ste Marie CAN"]
[Date "2017.07.06"]
[Round "1.53"]
[White "Issani, Nameer"]
[Black "Guo, Roger"]
[Result "1-0"]
[WhiteElo "2157"]
[BlackElo "1230"]
[WhiteFideId "-1"]
[WhiteFideId "-1"]
[PlyCount "79"]
[GameId "2160767908410274"]
[EventDate "2017.07.06"]
[EventType "swiss"]
[EventRounds "7"]
[EventCountry "CAN"]
[SourceTitle "hb 2017"]

1. d4 d5 2. c4 e6 3. Nc3 Nf6 4. cxd5 exd5 5. Bg5 Nbd7 6. e3 h6 7. Bh4 Be7 8. Bd3 O-O 9. Nge2 Ne4 10. Bxe7 Qxe7 11. Nxd5 Qh4 12. O-O c6 13. Ndf4 Ndf6 14. f3 Ng5 15. e4 Ne6 16. Qd2 b6 17. b4 a5 18. g3 Qg5 19. h4 Nxf4 20. hxg5 Nh3+ 21. Kh2 Nxg5 22. e5 Nd5 23. f4 Ne6 24. b5 cxb5 25. Bxb5 Ba6 26. Bxa6 Rxa6 27. Qd3 Raa8 28. Rac1 Rab8 29. f5 Ng5 30. Nf4 Nb4 31. Qb3 Rbd8 32. Rfd1 Ne4 33. e6 Rde8 34. exf7+ Rxf7 35. Rc7 Ref8 36. Ng6 Na6 37. Rxf7 Rxf7 38. Ne5 Nf2 39. Qxf7+ Kh8 40. Rc1 1-0

[Event "CYCC U12"]
[Site "Sault Ste Marie CAN"]
[Date "2017.07.06"]
[Round "1.54"]
[White "Chakkoli, Anirud"]
[Black "Tanaka, Tyler"]
[Result "0-1"]
[WhiteElo "1174"]
[BlackElo "2085"]
[WhiteFideId "-1"]
[WhiteFideId "-1"]
[PlyCount "44"]
[GameId "2160767908410275"]
[EventDate "2017.07.06"]
[EventType "swiss"]
[EventRounds "7"]
[EventCountry "CAN"]
[SourceTitle "EXT 2022"]
[Source "ChessBase"]
[SourceDate "2021.10.06"]
[SourceVersion "1"]
[SourceVersionDate "2021.10.06"]
[SourceQuality "1"]

1. e4 c5 2. Nf3 d6 3. Nc3 g6 4. d4 cxd4 5. Nxd4 Nf6 6. Bc4 Bg7 7. Be3 O-O 8. f3 Nc6 9. Qd2 Bd7 10. O-O-O Rc8 11. Bb3 Ne5 12. Kb1 Nc4 13. Bxc4 Rxc4 14. Rdg1 b5 15. Ndxb5 Bxb5 16. Nxb5 Qb8 17. Nxa7 Nxe4 18. c3 Nxd2+ 19. Bxd2 Qxa7 20. g4 Rb8 21. h4 Qf2 22. Be1 Qxb2# 0-1

[Event "CYCC U12"]
[Site "Sault Ste Marie CAN"]
[Date "2017.07.06"]
[Round "1.55"]
[White "Noorali, Aahil"]
[Black "Feng, Richard2"]
[Result "1-0"]
[WhiteElo "2043"]
[BlackElo "1164"]
[WhiteFideId "-1"]
[WhiteFideId "-1"]
[PlyCount "61"]
[GameId "2160767908410276"]
[EventDate "2017.07.06"]
[EventType "swiss"]
[EventRounds "7"]
[EventCountry "CAN"]
[SourceTitle "hb 2017"]

1. d4 Nf6 2. c4 e6 3. Nc3 d5 4. cxd5 exd5 5. Bg5 c6 6. e3 h6 7. Bh4 Bf5 8. Qf3 Bh7 9. Bxf6 Qxf6 10. Qxf6 gxf6 11. O-O-O Nd7 12. g3 O-O-O 13. Bg2 f5 14. Nf3 Nf6 15. Ne5 Bg6 16. f3 Bd6 17. Bh3 Rhf8 18. e4 Kb8 19. Nxg6 fxg6 20. e5 Ng8 21. exd6 Rxd6 22. Rhe1 Rdf6 23. Na4 Kc7 24. Nc5 Kc8 25. Ne6 R8f7 26. Nf4 g5 27. Nd3 Kd8 28. Re5 h5 29. Rde1 Rf8 30. Nc5 Kc8 31. Re8+ 1-0

[Event "CYCC U12"]
[Site "Sault Ste Marie CAN"]
[Date "2017.07.06"]
[Round "1.56"]
[White "Guenette, Ethan"]
[Black "Kang, Dorian"]
[Result "0-1"]
[WhiteElo "1073"]
[BlackElo "2026"]
[WhiteFideId "-1"]
[WhiteFideId "-1"]
[PlyCount "64"]
[GameId "2160767908410277"]
[EventDate "2017.07.06"]
[EventType "swiss"]
[EventRounds "7"]
[EventCountry "CAN"]
[SourceTitle "hb 2017"]

1. e4 c5 2. c4 Nc6 3. Nc3 g6 4. f4 Bg7 5. e5 f6 6. Nf3 fxe5 7. Nxe5 Nxe5 8. fxe5 Bxe5 9. d3 Bg7 10. Be3 b6 11. g3 Bb7 12. Rg1 Nf6 13. Bg2 Bxg2 14. Rxg2 O-O 15. d4 Ne8 16. dxc5 bxc5 17. Bxc5 d6 18. Bd4 e5 19. Bf2 Nc7 20. c5 d5 21. b4 d4 22. Ne4 Qd5 23. Qe2 Rab8 24. g4 Rf4 25. Nd2 Qxg2 26. Qc4+ Kh8 27. Bh4 Qg1+ 28. Nf1 Rbf8 29. Kd2 Rxf1 30. Be7 Qe3+ 31. Kc2 R8f2+ 32. Qe2 Rxe2# 0-1